Normal view
MARC view
Entry Topical Term
001 - CONTROL NUMBER
- control field: 27565
003 - CONTROL NUMBER IDENTIFIER
- control field: OSt
005 - DATE AND TIME OF LATEST TRANSACTION
- control field: 20210923151523.0
008 - FIXED-LENGTH DATA ELEMENTS
- fixed length control field: 210923|| aca||aabn | a|a d
040 ## - CATALOGING SOURCE
- Original cataloging agency: OSt
- Transcribing agency: OSt
150 ## - HEADING--TOPICAL TERM
- Topical term or geographic name entry element: Interest rates, Determination, Term structure
670 ## - SOURCE DATA FOUND
- Source citation: Work cat.: (OSt)517630: Gürkaynak R.S., Kisacikoglu, B. and Wright, J.H. 27564, Missing events in event studies: Identifying the effects of partially measured news surprises
